|
|
|
|
| LEADER |
01442nam a2200265 a 4500 |
| 001 |
QGUb10583804 |
| 008 |
091223s1990 ca a b 000 0 eng d |
| 040 |
|
|
|a OrLoB
|c OrLoB
|d BD-DhAAL
|
| 082 |
0 |
0 |
|a 301.2
|2 20
|
| 100 |
1 |
|
|a Kealey,Daniel J.
|
| 245 |
0 |
0 |
|a Cross-cultural effectiveness :
|b a study of Canadian technical advisors overseas. /
|c Daniel J. Kealey.
|
| 246 |
1 |
1 |
|a L'Efficacite interculturelle :
|b une etude des conseillers techniques Canadiens a l'etranger.
|
| 246 |
1 |
3 |
|a Explaining and predicting cross-cultural adjustment and effectiveness :
|b a study of Canadian technical advisors overseas.
|
| 260 |
|
|
|a Hull, Quebec :
|b Briefing Centre, Canadian International Development Agency,
|c 1990.
|
| 300 |
|
|
|a [4], 68,78 p. :
|b ill. ;
|c 23 cm.
|
| 500 |
|
|
|a Text in English and French on reversed pages.
|
| 500 |
|
|
|a Title on added t.p.: L'efficacite interculturelle : une etude des conseillers techniques Canadiens a letranger.
|
| 504 |
|
|
|a Includes bibliographical references.
|
| 541 |
1 |
|
|e 00005104
|
| 650 |
|
0 |
|a Cross-cultural studies.
|
| 650 |
|
0 |
|a Technical assistance, Canadian.
|
| 710 |
2 |
|
|a Canadian International Development Agency.
|b Briefing Centre.
|
| 852 |
4 |
|
|a Ayesha Abed Library
|j General shelf
|
| 999 |
|
|
|c 6375
|d 6375
|
| 952 |
|
|
|0 0
|1 0
|2 ddc
|4 0
|6 301_200000000000000_KEA_1990
|7 0
|9 6433
|a BRACUL
|b BRACUL
|c GEN
|d 2009-12-24
|g 0.00
|l 0
|o 301.2 KEA
|p 3010005104
|r 2009-12-24
|t 1
|w 2009-12-24
|y BK
|x No price found in the accession register.
|